000 00275nam a22001097a 4500
082 _a150/CAR
100 _aCarnegie , Dale
_982827
245 _aHOW TO WIN FRIENDS AND INFLUENCE PEOPLE
260 _aMumbai
_JJaico Publishing House
_c2024
650 _aPhilosophy
942 _cBK
999 _c67552
_d67552